[Event "4NCL/Div1/BAR1 vs. WGR2"]
[Site "Telford ENG"]
[Date "2003.04.12"]
[Round "7.4"]
[White "Tan, Desmond"]
[Black "Ferguson, Mark"]
[Result "0-1"]
[WhiteElo "2307"]
[BlackElo "2377"]
[PlyCount "72"]
[EventDate "2003.04.12"]

1. e4 e5 2. Nf3 Nc6 3. Bb5 Nf6 4. d3 d6 5. c3 g6 6. O-O Bg7 7. Re1 O-O 8. Nbd2
Qe7 9. d4 Nh5 10. Bxc6 bxc6 11. dxe5 dxe5 12. Qa4 Bd7 13. Qa5 Nf4 14. Nc4 Nd3
15. Rd1 Nxc1 16. Rdxc1 Be8 17. Ncxe5 f6 18. Nd3 Qxe4 19. Nc5 Qc4 20. Nd4 Rf7
21. b3 Qd5 22. Nde6 Re7 23. Rd1 Qe5 24. Re1 Qf5 25. Nxg7 Rxg7 26. Rad1 g5 27.
Qb4 Bh5 28. Qc4+ Kh8 29. Rd2 Rag8 30. b4 Bf7 31. Qd4 g4 32. a3 Bd5 33. Qd3 Qh5
34. c4 Bf3 35. Qf1 Rg6 36. g3 Qxh2+ 0-1

[Event "4NCL/Div1/BAR1 vs. WGR2"]
[Site "Telford ENG"]
[Date "2003.04.12"]
[Round "7.5"]
[White "Knott, Simon"]
[Black "Tiller, Bjorn"]
[Result "1/2-1/2"]
[WhiteElo "2391"]
[BlackElo "2380"]
[PlyCount "71"]
[EventDate "2003.04.12"]

1. Nf3 g6 2. c4 Bg7 3. d4 d6 4. Nc3 e5 5. dxe5 dxe5 6. Qxd8+ Kxd8 7. Bg5+ f6 8.
O-O-O+ Nd7 9. Bd2 c6 10. Ne4 Kc7 11. Bb4 Bf8 12. Bd6+ Bxd6 13. Nxd6 Nh6 14. h3
Nc5 15. b4 Na4 16. Nxc8 Rhxc8 17. Kc2 a5 18. a3 axb4 19. axb4 Nb6 20. Kb3 Ra7
21. c5 Nd7 22. Nd2 b6 23. Nc4 bxc5 24. Rxd7+ Kxd7 25. Nb6+ Kc7 26. Nxc8 Kxc8
27. bxc5 Ra5 28. e4 Ra7 29. Kb2 Ra4 30. Bd3 Nf7 31. Kb3 Rd4 32. Bc4 Nd8 33. f3
Nb7 34. Ba6 Kc7 35. Bxb7 Kxb7 36. Rb1 1/2-1/2

[Event "4NCL/Div1/BAR1 vs. WGR2"]
[Site "Telford ENG"]
[Date "2003.04.12"]
[Round "7.6"]
[White "Sowray, Peter J"]
[Black "Collinson, Adam"]
[Result "1/2-1/2"]
[WhiteElo "2314"]
[BlackElo "2390"]
[PlyCount "49"]
[EventDate "2003.04.12"]

1. d4 Nf6 2. c4 g6 3. Nf3 Bg7 4. g3 O-O 5. Bg2 d6 6. O-O c6 7. Nc3 Bf5 8. Re1
Ne4 9. Nxe4 Bxe4 10. Bg5 Re8 11. Qd2 Nd7 12. Bh6 Bh8 13. Bh3 Bxf3 14. exf3 d5
15. Qb4 Qb6 16. Qxb6 Nxb6 17. c5 Nc4 18. Bd7 Red8 19. Rxe7 Bf6 20. Rae1 Nxb2
21. Rxf7 Kxf7 22. Be6+ Ke8 23. Bh3+ Kf7 24. Be6+ Ke8 25. Bh3+ 1/2-1/2

[Event "4NCL/Div1/BAR1 vs. WGR2"]
[Site "Telford ENG"]
[Date "2003.04.12"]
[Round "7.7"]
[White "Dishman, Stephen"]
[Black "Law, Andrew P"]
[Result "1/2-1/2"]
[WhiteElo "2296"]
[BlackElo "2320"]
[PlyCount "23"]
[EventDate "2003.04.12"]

1. d4 Nf6 2. Bg5 d5 3. Nd2 c5 4. Bxf6 gxf6 5. dxc5 Na6 6. g3 Nxc5 7. Bg2 Bg7 8.
Ngf3 O-O 9. O-O f5 10. c3 Bd7 11. Nd4 e6 12. N2b3 1/2-1/2

[Event "4NCL/Div1/BAR1 vs. WGR2"]
[Site "Telford ENG"]
[Date "2003.04.12"]
[Round "7.8"]
[White "Jackson, Sheila"]
[Black "Bhatia, Kanwal K"]
[Result "1/2-1/2"]
[WhiteElo "2173"]
[BlackElo "2047"]
[PlyCount "112"]
[EventDate "2003.04.12"]

1. e4 e5 2. Nf3 Nc6 3. Bb5 a6 4. Ba4 Nf6 5. O-O b5 6. Bb3 Bc5 7. c3 d6 8. a4
Rb8 9. d4 Bb6 10. axb5 axb5 11. Na3 exd4 12. cxd4 Bg4 13. Nxb5 O-O 14. Re1 Bxf3
15. gxf3 Nh5 16. Be3 Qf6 17. Ra4 Nf4 18. Kh1 Nh3 19. Bc4 Ba5 20. Rf1 Bb6 21.
Be2 Ra8 22. Rc4 Na5 23. Rc3 c6 24. Na3 Rfc8 25. e5 Qh4 26. exd6 Rd8 27. b4 Nb7
28. Nc4 Ba7 29. Ne5 Rxd6 30. Nxc6 Nf4 31. Bxf4 Qxf4 32. Qc1 Qxc1 33. Rfxc1 Bxd4
34. Nxd4 Rxd4 35. Rc8+ Rxc8 36. Rxc8+ Rd8 37. Rc7 Rb8 38. b5 Kf8 39. Bd3 h6 40.
Kg2 Nd6 41. Rc5 Ke7 42. f4 Kd7 43. Kf3 Rb6 44. Ke3 Nb7 45. Rd5+ Ke7 46. Kd4 g6
47. Re5+ Kd6 48. f5 g5 49. Bc4 Nd8 50. Rd5+ Kc7 51. Rc5+ Kd6 52. Bd5 f6 53. Rc8
Kd7 54. Rc5 Kd6 55. Rc8 Kd7 56. Rc5 Kd6 1/2-1/2

[Event "4NCL/Div1/AD1 vs. WGR1"]
[Site "Telford ENG"]
[Date "2003.04.12"]
[Round "7.2"]
[White "Lalic, Bogdan"]
[Black "Hennigan, Michael T"]
[Result "1/2-1/2"]
[WhiteElo "2549"]
[BlackElo "2434"]
[PlyCount "65"]
[EventDate "2003.04.12"]

1. d4 Nf6 2. c4 g6 3. Nc3 Bg7 4. e4 d6 5. f3 O-O 6. Nge2 Nc6 7. Be3 a6 8. Qd2
Rb8 9. Rb1 b5 10. cxb5 axb5 11. b4 Bd7 12. d5 Ne5 13. Nd4 Qe8 14. Be2 e6 15.
O-O c6 16. dxc6 Bxc6 17. a4 bxa4 18. Nxc6 Qxc6 19. b5 Qd7 20. Nxa4 d5 21. Nc5
Qd8 22. Na6 Rb7 23. Rfd1 Ned7 24. Nc5 Nxc5 25. Bxc5 Re8 26. b6 Nd7 27. Bf2 Nxb6
28. Qb4 d4 29. Bxd4 Bxd4+ 30. Qxd4 Qxd4+ 31. Rxd4 Rd7 32. Rdb4 Rd2 33. Rxb6
1/2-1/2

[Event "4NCL/Div1/AD1 vs. WGR1"]
[Site "Telford ENG"]
[Date "2003.04.12"]
[Round "7.3"]
[White "Lyell, Mark"]
[Black "Emms, John M"]
[Result "1/2-1/2"]
[WhiteElo "2242"]
[BlackElo "2515"]
[PlyCount "81"]
[EventDate "2003.04.12"]

1. e4 c5 2. b3 b6 3. Bb2 Bb7 4. Nc3 e6 5. Nf3 Nf6 6. e5 Ne4 7. Bd3 Nxc3 8. Bxc3
g6 9. Qe2 Bg7 10. O-O-O Bxf3 11. Qxf3 Nc6 12. Qe4 Qc7 13. f4 O-O 14. h4 a5 15.
h5 Nb4 16. hxg6 hxg6 17. a4 d5 18. Qf3 c4 19. bxc4 Na2+ 20. Kb2 Nxc3 21. dxc3
dxc4 22. Be4 Rad8 23. Qh3 Rfe8 24. Rxd8 Rxd8 25. Bxg6 fxg6 26. Qxe6+ Qf7 27.
Qxb6 Re8 28. g3 Qd5 29. Rh6 Bxh6 30. Qxg6+ Kf8 31. Qf6+ Qf7 32. Qxh6+ Qg7 33.
Qd6+ Kg8 34. Qd5+ Kh8 35. e6 Rb8+ 36. Kc1 Qxc3 37. Qh5+ Kg7 38. Qg5+ Kf8 39.
Qf5+ Kg8 40. Qf7+ Kh8 41. Qh5+ 1/2-1/2

[Event "4NCL/Div1/AD1 vs. WGR1"]
[Site "Telford ENG"]
[Date "2003.04.12"]
[Round "7.4"]
[White "Turner, Matthew J"]
[Black "Broom, Mark"]
[Result "1-0"]
[WhiteElo "2519"]
[BlackElo "2240"]
[PlyCount "81"]
[EventDate "2003.04.12"]

1. c4 c6 2. Nf3 d5 3. b3 Nf6 4. g3 Bf5 5. Bg2 e6 6. O-O h6 7. d3 Nbd7 8. Bb2
Bh7 9. Nc3 Bd6 10. e4 O-O 11. Qe2 dxc4 12. dxc4 e5 13. Rad1 Qe7 14. Nh4 Rad8
15. Nf5 Bxf5 16. exf5 Rfe8 17. h4 e4 18. Nxe4 Be5 19. Nc3 Qc5 20. Qc2 b5 21.
cxb5 cxb5 22. Qd3 Nf8 23. Qf3 Rc8 24. Rc1 Qb4 25. Nd5 Qd6 26. Rxc8 Rxc8 27. Re1
Qxd5 28. Qxd5 Nxd5 29. Rxe5 Nb4 30. Rxb5 Nxa2 31. Ra5 Nc1 32. Rxa7 Nd3 33. Ba3
Nc5 34. Bd5 Ncd7 35. Bxf8 Nxf8 36. Rxf7 Rc5 37. Rd7+ Kh7 38. Rd8 g5 39. b4 Rb5
40. Bc6 Rb6 41. b5 1-0

[Event "4NCL/Div1/AD1 vs. WGR1"]
[Site "Telford ENG"]
[Date "2003.04.12"]
[Round "7.5"]
[White "Snape, Ian"]
[Black "Ward, Christopher"]
[Result "0-1"]
[WhiteElo "2244"]
[BlackElo "2516"]
[PlyCount "80"]
[EventDate "2003.04.12"]

1. c4 c5 2. Nf3 g6 3. Nc3 Bg7 4. g3 Nc6 5. Bg2 e6 6. d4 cxd4 7. Nb5 e5 8. e3 d6
9. exd4 e4 10. Ng5 a6 11. Nc3 f5 12. Be3 h6 13. Nh3 g5 14. f3 f4 15. gxf4 Bxh3
16. Bxh3 gxf4 17. Bxf4 Qh4+ 18. Bg3 Qxh3 19. Nxe4 O-O-O 20. Nxd6+ Rxd6 21. Bxd6
Nxd4 22. Kf2 Nf5 23. Qd5 Bd4+ 24. Ke2 Nf6 25. Qe6+ Nd7 26. Rhe1 Qg2+ 27. Kd3
Nxd6 28. Qxd6 Bxb2 29. Rad1 Rd8 30. Ke3 Re8+ 31. Kd3 Qxf3+ 32. Kc2 Qf2+ 33. Rd2
Qf5+ 34. Kxb2 Rxe1 35. Rc2 Qe5+ 36. Qxe5 Nxe5 37. c5 Re3 38. Kc1 Rh3 39. Kb2
Kc7 40. Kb1 Ng4 0-1

[Event "4NCL/Div1/AD1 vs. WGR1"]
[Site "Telford ENG"]
[Date "2003.04.12"]
[Round "7.6"]
[White "Martin, Andrew D"]
[Black "Graham, David B"]
[Result "1/2-1/2"]
[WhiteElo "2426"]
[BlackElo "2233"]
[PlyCount "96"]
[EventDate "2003.04.12"]

1. d4 d6 2. e4 Nf6 3. Nc3 g6 4. g3 Bg7 5. Bg2 O-O 6. Nge2 e5 7. O-O Nc6 8. dxe5
dxe5 9. Qxd8 Rxd8 10. Bg5 Bg4 11. h3 Bxe2 12. Nxe2 h6 13. Be3 Ne8 14. c3 Nd6
15. Rad1 a5 16. a4 Kh7 17. b3 h5 18. Rd5 Bh6 19. Bxh6 Kxh6 20. Nc1 Ne8 21. Rfd1
Nf6 22. Rxd8 Rxd8 23. Rxd8 Nxd8 24. Nd3 Nd7 25. h4 Ne6 26. b4 axb4 27. cxb4 c5
28. Bh3 cxb4 29. Bxe6 fxe6 30. Nxb4 Nc5 31. a5 Nxe4 32. Nc6 Kg7 33. Nd8 Nc5 34.
Nxb7 Na6 35. Nd8 Kf6 36. Nc6 e4 37. Kf1 e5 38. Ke2 Ke6 39. Ke3 Kd6 40. Nd8 Nc5
41. Nf7+ Ke6 42. Ng5+ Kd5 43. Nxe4 Nxe4 44. a6 Nd6 45. a7 Nc4+ 46. Kd3 e4+ 47.
Ke2 Nb6 48. Ke3 Ke5 1/2-1/2

[Event "4NCL/Div1/AD1 vs. WGR1"]
[Site "Telford ENG"]
[Date "2003.04.12"]
[Round "7.7"]
[White "Anderton, David W"]
[Black "Hunt, Harriet"]
[Result "1/2-1/2"]
[WhiteElo "2257"]
[BlackElo "2393"]
[PlyCount "89"]
[EventDate "2003.04.12"]

1. d4 Nf6 2. c4 e6 3. Nc3 Bb4 4. Qc2 O-O 5. a3 Bxc3+ 6. Qxc3 b6 7. Bg5 Bb7 8.
f3 c5 9. dxc5 bxc5 10. e3 a5 11. Nh3 h6 12. Bh4 a4 13. Be2 Ne4 14. Bxd8 Nxc3
15. Be7 Re8 16. Bxc5 Nxe2 17. Kxe2 Ba6 18. Bd6 Bxc4+ 19. Kf2 Ra6 20. Rhd1 Nc6
21. Rac1 Bb3 22. Rd3 e5 23. Rc5 Re6 24. g4 g5 25. Kg3 e4 26. fxe4 Rxe4 27. Nf2
Re6 28. e4 f6 29. Bc7 Re7 30. Bd6 Rf7 31. Nd1 Rb6 32. Ne3 Be6 33. Rd2 Rb3 34.
Rc3 h5 35. gxh5 Rxc3 36. bxc3 Rh7 37. Ng4 Kg7 38. h6+ Kf7 39. Bc7 Kg6 40. Rf2
Bxg4 41. Kxg4 Rxh6 42. Bg3 Rh7 43. Rd2 Re7 44. Kf3 Kf7 45. Rd6 1/2-1/2

[Event "4NCL/Div1/AD1 vs. WGR1"]
[Site "Telford ENG"]
[Date "2003.04.12"]
[Round "7.8"]
[White "Lee, Graham D"]
[Black "Bellin, Jana"]
[Result "1/2-1/2"]
[WhiteElo "2367"]
[BlackElo "2203"]
[PlyCount "66"]
[EventDate "2003.04.12"]

1. e4 c5 2. c3 e6 3. d4 d5 4. e5 Nc6 5. Nf3 Nh6 6. Bd3 cxd4 7. cxd4 Nf5 8. Bxf5
exf5 9. Nc3 Be6 10. h4 Be7 11. Bg5 O-O 12. Bxe7 Qxe7 13. Ne2 f6 14. exf6 Rxf6
15. Nf4 Bf7+ 16. Kf1 Rh6 17. Qd2 Re8 18. Re1 Qd8 19. Rxe8+ Qxe8 20. Ng5 Rd6 21.
Rh3 h6 22. Re3 Qd8 23. Nf3 Qf6 24. h5 Rd8 25. g3 Kf8 26. Ne5 Nxe5 27. Rxe5 Re8
28. Qb4+ Kg8 29. Rxe8+ Bxe8 30. Qxb7 Qxd4 31. Qb8 Qe4 32. Ng6 Qh1+ 33. Ke2 Qe4+
1/2-1/2

[Event "4NCL/Div1/WGR2 vs. RIC"]
[Site "Telford ENG"]
[Date "2003.04.13"]
[Round "8.1"]
[White "Littlewood, Paul E"]
[Black "Bates, Richard A"]
[Result "1-0"]
[WhiteElo "2399"]
[BlackElo "2367"]
[PlyCount "79"]
[EventDate "2003.04.13"]

1. e4 c5 2. Nf3 d6 3. c3 Nf6 4. Be2 e5 5. O-O Be7 6. Bb5+ Nbd7 7. Re1 a6 8. Bf1
Nf8 9. d4 Ng6 10. Nbd2 O-O 11. dxe5 dxe5 12. a4 Qc7 13. a5 Bd7 14. Qc2 Bc6 15.
Bc4 Ne8 16. Nf1 Nd6 17. Ba2 c4 18. b4 cxb3 19. Bxb3 Rac8 20. Bb2 b5 21. axb6
Qxb6 22. N3d2 Qb7 23. Ba3 Nb5 24. Bxe7 Qxe7 25. Rxa6 Bb7 26. Rb6 Rxc3 27. Qb2
Rc5 28. Bc4 Nd6 29. Rxd6 Qxd6 30. Qxb7 Nf4 31. Rb1 g6 32. g3 Nd3 33. Qb3 Rd8
34. Bxf7+ Kg7 35. Bd5 Nc1 36. Qe3 Rc3 37. Qb6 Ne2+ 38. Kg2 Qc7 39. h4 Rf8 40.
Rb3 1-0

[Event "4NCL/Div1/WGR2 vs. RIC"]
[Site "Telford ENG"]
[Date "2003.04.13"]
[Round "8.2"]
[White "Wall, Gavin"]
[Black "Levitt, Jonathan P"]
[Result "1-0"]
[WhiteElo "2383"]
[BlackElo "2419"]
[PlyCount "97"]
[EventDate "2003.04.13"]

1. e4 e6 2. d4 d5 3. e5 c5 4. c3 Nc6 5. Nf3 Bd7 6. dxc5 Bxc5 7. b4 Bb6 8. Bd3
Qc7 9. Bf4 Nge7 10. O-O f5 11. Na3 a6 12. h4 Ba7 13. h5 O-O 14. Qd2 b5 15. Nc2
Nc8 16. a4 bxa4 17. Rxa4 Nb8 18. Ra3 Nb6 19. h6 g6 20. Rfa1 Nc4 21. Bxc4 Qxc4
22. Be3 Qg4 23. Bxa7 Rxa7 24. Qe3 Rc7 25. Qb6 Rc6 26. Qb7 Qf4 27. Ncd4 Qxh6 28.
Nxc6 Bxc6 29. Qe7 Re8 30. Qd6 Qf8 31. Qxf8+ Kxf8 32. Nd4 Bd7 33. Ra5 Rc8 34.
Rc5 Rxc5 35. bxc5 Ke7 36. Rb1 Bb5 37. Nxb5 axb5 38. Rxb5 Nc6 39. Rb7+ Kd8 40.
f4 h6 41. Kf2 g5 42. g3 gxf4 43. gxf4 h5 44. Kg3 d4 45. cxd4 Nxd4 46. Kh4 Ne2
47. Kg5 h4 48. Rh7 Nc3 49. Kf6 1-0

[Event "4NCL/Div1/WGR2 vs. RIC"]
[Site "Telford ENG"]
[Date "2003.04.13"]
[Round "8.3"]
[White "Rechel, Bernd"]
[Black "Rotchev, Iouri"]
[Result "1/2-1/2"]
[WhiteElo "2414"]
[BlackElo "2300"]
[PlyCount "24"]
[EventDate "2003.04.13"]

1. e4 c5 2. Nf3 e6 3. d4 cxd4 4. Nxd4 Nc6 5. Nc3 Qc7 6. Be3 a6 7. a3 Nf6 8. Bd3
Bd6 9. h3 Be5 10. Nf3 Bxc3+ 11. bxc3 d5 12. exd5 Nxd5 1/2-1/2

[Event "4NCL/Div1/WGR2 vs. RIC"]
[Site "Telford ENG"]
[Date "2003.04.13"]
[Round "8.4"]
[White "Hinks-Edwards, Thomas"]
[Black "Sowray, Peter J"]
[Result "1-0"]
[WhiteElo "2343"]
[BlackElo "2314"]
[PlyCount "67"]
[EventDate "2003.04.13"]

1. e4 c6 2. Nc3 d5 3. Nf3 Bg4 4. h3 Bxf3 5. Qxf3 e6 6. g3 Nf6 7. d3 Bb4 8. Bd2
d4 9. Nb1 Qb6 10. Bg2 Bxd2+ 11. Nxd2 Qxb2 12. O-O O-O 13. Nc4 Qb4 14. Rab1 Qe7
15. e5 Nd5 16. Qg4 Nc3 17. Rbe1 Rd8 18. f4 Na6 19. f5 exf5 20. Rxf5 Nc5 21.
Ref1 Rf8 22. Nd6 Rad8 23. Nxf7 Rde8 24. Nh6+ Kh8 25. Rf7 Rxf7 26. Rxf7 Qxe5 27.
Rf8+ Rxf8 28. Nf7+ Kg8 29. Nxe5 Re8 30. Nc4 Re1+ 31. Kh2 Ne6 32. Qf5 h6 33. Ne5
Nc5 34. Nf3 1-0

[Event "4NCL/Div1/WGR2 vs. RIC"]
[Site "Telford ENG"]
[Date "2003.04.13"]
[Round "8.5"]
[White "Tiller, Bjorn"]
[Black "Webb, Laurence E"]
[Result "0-1"]
[WhiteElo "2380"]
[BlackElo "2283"]
[PlyCount "118"]
[EventDate "2003.04.13"]

1. e4 e5 2. Nc3 Nf6 3. g3 Nc6 4. Bg2 Bc5 5. d3 d6 6. Na4 O-O 7. Nxc5 dxc5 8.
Nf3 c4 9. Be3 cxd3 10. Qxd3 Qxd3 11. cxd3 Rd8 12. Ke2 Bg4 13. Rac1 Rac8 14. Rc5
Nd7 15. Rc3 Nd4+ 16. Bxd4 exd4 17. Ra3 a6 18. h3 Bxf3+ 19. Bxf3 c5 20. Bg4 Rc6
21. f4 b5 22. Rd1 Kf8 23. e5 Ke7 24. Bf3 Rb6 25. Rc1 Rc8 26. b3 f6 27. exf6+
Nxf6 28. Ra5 Kd6 29. Kd2 Re8 30. Re1 Rxe1 31. Kxe1 Ne8 32. Be4 h6 33. Kd2 Nc7
34. a3 Rb8 35. h4 Re8 36. h5 Rf8 37. b4 Rb8 38. Kc2 Rb6 39. Kb3 Rb8 40. a4
bxa4+ 41. Rxa4 a5 42. Rxa5 Rxb4+ 43. Kc2 Rb6 44. Ra7 Kd7 45. g4 Ra6 46. Rxa6
Nxa6 47. Kb3 Nc7 48. Kc4 Kd6 49. Bf5 Nd5 50. Kb5 Nxf4 51. Kc4 Nh3 52. Be4 Ng5
53. Bf5 Nf3 54. Kb3 Ne5 55. Ka4 c4 56. dxc4 Nxc4 57. Kb3 Ne3 58. Bc8 Ke5 59.
Kb2 Ke4 0-1

[Event "4NCL/Div1/WGR2 vs. RIC"]
[Site "Telford ENG"]
[Date "2003.04.13"]
[Round "8.6"]
[White "Nixon, Thomas CM"]
[Black "Tan, Desmond"]
[Result "0-1"]
[WhiteElo "2206"]
[BlackElo "2307"]
[PlyCount "92"]
[EventDate "2003.04.13"]

1. d4 Nf6 2. c4 e6 3. Nf3 c5 4. d5 d6 5. Nc3 exd5 6. cxd5 g6 7. e4 a6 8. a4 Bg4
9. Be2 Bxf3 10. Bxf3 Nbd7 11. O-O Qe7 12. Qc2 Bg7 13. a5 O-O 14. Ra4 Rfe8 15.
b3 h5 16. Bg5 Qf8 17. g3 Nh7 18. Bd2 Qe7 19. Bg2 h4 20. Ne2 b5 21. Ra2 Ndf6 22.
Nc3 b4 23. Na4 Nxe4 24. Re1 f5 25. Nb6 Rad8 26. Nc4 Bd4 27. Be3 hxg3 28. hxg3
Nef6 29. Rd1 Bc3 30. Qd3 Ng4 31. Bf3 Nxe3 32. Nxe3 Ng5 33. Bg2 Ra8 34. g4 Bd4
35. Re1 Qf6 36. gxf5 gxf5 37. Rae2 Bxe3 38. Rxe3 Rxe3 39. Qxe3 f4 40. Qe7 Qg6
41. Kf1 f3 42. Bxf3 Nxf3 43. Re3 Qg1+ 44. Ke2 Nd4+ 45. Kd2 Qxf2+ 46. Kd3 Qc2#
0-1

[Event "4NCL/Div1/WGR2 vs. RIC"]
[Site "Telford ENG"]
[Date "2003.04.13"]
[Round "8.7"]
[White "Law, Andrew P"]
[Black "Franklin, Michael J"]
[Result "1/2-1/2"]
[WhiteElo "2320"]
[BlackElo "2222"]
[PlyCount "80"]
[EventDate "2003.04.13"]

1. Nf3 Nf6 2. c4 c6 3. Nc3 d5 4. d4 e6 5. e3 Bd6 6. Bd3 Nbd7 7. e4 dxe4 8. Nxe4
Nxe4 9. Bxe4 Bb4+ 10. Bd2 Qa5 11. O-O Bxd2 12. Nxd2 O-O 13. Re1 Nf6 14. Bf3 Qb6
15. Nb3 Bd7 16. Qc2 Rad8 17. Qc3 Bc8 18. Rad1 Qc7 19. a4 Nd7 20. c5 Nf6 21. Nd2
Nd5 22. Qc4 Nf6 23. b4 a6 24. Ne4 e5 25. Nxf6+ gxf6 26. g3 Be6 27. Qc3 exd4 28.
Rxd4 Rxd4 29. Qxd4 Kg7 30. Bg4 Rd8 31. Qe4 Bd5 32. Qe3 a5 33. b5 cxb5 34. axb5
a4 35. Bd1 Rc8 36. c6 bxc6 37. b6 Qe5 38. Bxa4 Qxe3 39. fxe3 Rb8 40. Rb1 f5
1/2-1/2

[Event "4NCL/Div1/WGR2 vs. RIC"]
[Site "Telford ENG"]
[Date "2003.04.13"]
[Round "8.8"]
[White "Wilson, Alexandra"]
[Black "Jackson, Sheila"]
[Result "1/2-1/2"]
[WhiteElo "2037"]
[BlackElo "2173"]
[PlyCount "73"]
[EventDate "2003.04.13"]

1. e4 e5 2. Nf3 Nc6 3. Bb5 a6 4. Ba4 Nf6 5. O-O Be7 6. Qe2 b5 7. Bb3 O-O 8. c3
d6 9. Rd1 Na5 10. Bc2 c5 11. d4 Qc7 12. d5 Bd7 13. b3 h6 14. h3 Nh7 15. Nbd2 f5
16. exf5 Bxf5 17. Ne4 Qd7 18. Ng3 Bxc2 19. Qxc2 c4 20. b4 Nb7 21. a4 Bf6 22.
Be3 Qf7 {(=)} 23. Ra2 Rad8 24. axb5 axb5 25. Ra6 Ra8 26. Qa2 Rxa6 27. Qxa6 Qd7
28. Qc6 Rf7 29. Bb6 Bd8 30. Be3 Nf6 31. Ra1 Kh7 {(=)} 32. Ra7 g6 33. Nd2 Kg7
34. Nde4 Ne8 35. f3 Bh4 36. Ne2 Qxc6 37. dxc6 1/2-1/2

[Event "4NCL/Div1/SWD1 vs. BAR1"]
[Site "Telford ENG"]
[Date "2003.04.13"]
[Round "8.1"]
[White "Cooper, John G"]
[Black "Kelly, Brian"]
[Result "1/2-1/2"]
[WhiteElo "2318"]
[BlackElo "2468"]
[PlyCount "53"]
[EventDate "2003.04.13"]

1. Nf3 d5 2. d4 Nf6 3. c4 e6 4. Nc3 c6 5. e3 Nbd7 6. Qc2 Bd6 7. Bd3 O-O 8. O-O
dxc4 9. Bxc4 a6 10. Rd1 c5 11. a4 Qc7 12. Ba2 b6 13. d5 exd5 14. Bxd5 Rb8 15.
b3 Ne5 16. Ng5 Bg4 17. f3 Bh5 18. Bb2 Rbd8 19. Nge4 Nxe4 20. Nxe4 Rfe8 21. Nxd6
Rxd6 22. Qf5 Rh6 23. Qf4 Rf6 24. Qh4 Rh6 25. Qf4 Rf6 26. Qh4 Rh6 27. Qf4
1/2-1/2

[Event "4NCL/Div1/SWD1 vs. BAR1"]
[Site "Telford ENG"]
[Date "2003.04.13"]
[Round "8.2"]
[White "Parker, Jonathan"]
[Black "Zeidler, Sven P"]
[Result "1-0"]
[WhiteElo "2545"]
[BlackElo "2265"]
[PlyCount "45"]
[EventDate "2003.04.13"]

1. d4 f5 2. g3 Nf6 3. Bg2 g6 4. Nh3 d6 5. d5 c6 6. c4 e5 7. dxe6 Bxe6 8. b3 Bg7
9. Bb2 Na6 10. O-O Qe7 11. Nc3 O-O-O 12. Nf4 Bf7 13. b4 Ne4 14. Ncd5 Qf8 15.
Bxg7 Qxg7 16. b5 Nac5 17. bxc6 bxc6 18. Nb4 Kc7 19. Nfd3 Bxc4 20. Rc1 d5 21.
Nxc5 Nxc5 22. Nxc6 Rde8 23. Nd4 1-0

[Event "4NCL/Div1/SWD1 vs. BAR1"]
[Site "Telford ENG"]
[Date "2003.04.13"]
[Round "8.3"]
[White "Dineley, Richard DP"]
[Black "Palliser, Richard"]
[Result "1-0"]
[WhiteElo "2265"]
[BlackElo "2441"]
[PlyCount "71"]
[EventDate "2003.04.13"]

1. e4 c5 2. Nf3 d6 3. d4 cxd4 4. Nxd4 Nf6 5. Nc3 a6 6. Be2 e5 7. Nb3 Be7 8. Be3
Be6 9. Nd5 Nbd7 10. Qd3 Bxd5 11. exd5 Rc8 12. c4 O-O 13. O-O Nc5 14. Nxc5 dxc5
15. Rab1 e4 16. Qd2 Bd6 17. Bf4 Qc7 18. Bxd6 Qxd6 19. b4 Nd7 20. a3 f5 21. Rb3
Ne5 22. bxc5 Qxc5 23. Rxb7 f4 24. Qb2 Rc7 25. Rxc7 Qxc7 26. Rd1 f3 27. Bf1 fxg2
28. Bxg2 Ng4 29. d6 Qd8 30. c5 Qh4 31. Qb3+ Kh8 32. Qg3 Qh5 33. d7 Rd8 34. Qc7
Qh4 35. Qxd8+ Qxd8 36. c6 1-0

[Event "4NCL/Div1/SWD1 vs. BAR1"]
[Site "Telford ENG"]
[Date "2003.04.13"]
[Round "8.4"]
[White "Ferguson, Mark"]
[Black "Rayner, Francis"]
[Result "1-0"]
[WhiteElo "2377"]
[BlackElo "2255"]
[PlyCount "83"]
[EventDate "2003.04.13"]

1. e4 c5 2. Nf3 e6 3. d3 Nc6 4. g3 d5 5. Qe2 Nf6 6. Bg2 Be7 7. O-O b6 8. e5 Nd7
9. c4 Nf8 10. Nc3 Bb7 11. h4 Qd7 12. Rd1 d4 13. Ne4 Ng6 14. Neg5 h6 15. Nh3 Bd8
16. h5 Nge7 17. Nf4 Bc7 18. Bd2 a5 19. b3 a4 20. Rdb1 axb3 21. axb3 O-O 22. Nh3
Rxa1 23. Rxa1 Na5 24. Rb1 Nec6 25. Bf4 Nb4 26. Nh2 Bxg2 27. Kxg2 f5 28. exf6
Bxf4 29. Nxf4 Rxf6 30. Ng4 Rf5 31. Nxe6 Nxd3 32. Qxd3 Qxe6 33. Re1 Qc6+ 34. f3
Rxh5 35. Re7 Kf8 36. Ne5 Qc8 37. Ng6+ Kg8 38. g4 Rg5 39. Qe4 Qc6 40. Re8+ Qxe8
41. Qxe8+ Kh7 42. Nf8+ 1-0

[Event "4NCL/Div1/SWD1 vs. BAR1"]
[Site "Telford ENG"]
[Date "2003.04.13"]
[Round "8.5"]
[White "James, David J"]
[Black "Knott, Simon"]
[Result "1/2-1/2"]
[WhiteElo "2253"]
[BlackElo "2391"]
[PlyCount "52"]
[EventDate "2003.04.13"]

1. Nf3 Nf6 2. c4 g6 3. Nc3 d5 4. e3 Bg7 5. Qb3 dxc4 6. Bxc4 O-O 7. Ne5 e6 8. d4
a6 9. O-O b5 10. Be2 Bb7 11. a4 Nbd7 12. Nxd7 Nxd7 13. Bd2 Rb8 14. axb5 axb5
15. Rad1 Nf6 16. f3 Nd5 17. Bc1 Nxc3 18. bxc3 Bd5 19. Qc2 Qd7 20. e4 Bc4 21.
Be3 Qc6 22. Bxc4 Qxc4 23. Qd3 Qxd3 24. Rxd3 Ra8 25. Rb1 c6 26. d5 exd5 1/2-1/2

[Event "4NCL/Div1/SWD1 vs. BAR1"]
[Site "Telford ENG"]
[Date "2003.04.13"]
[Round "8.6"]
[White "Collinson, Adam"]
[Black "Richmond, Peter A"]
[Result "1/2-1/2"]
[WhiteElo "2390"]
[BlackElo "2254"]
[PlyCount "53"]
[EventDate "2003.04.13"]

1. e4 c5 2. c3 Nf6 3. e5 Nd5 4. d4 cxd4 5. Nf3 e6 6. cxd4 b6 7. Bd3 Bb7 8. O-O
d6 9. Nbd2 a6 10. Ne4 dxe5 11. Nxe5 Nc6 12. Qf3 Nxe5 13. dxe5 Qd7 14. Bg5 h6
15. Bh4 g5 16. Bg3 O-O-O 17. Rac1+ Kb8 18. Nf6 Nxf6 19. exf6+ Bd6 20. Be4 Bxe4
21. Qxe4 Bxg3 22. hxg3 Qd4 23. Qe2 Qd3 24. Qe5+ Qd6 25. Qe2 Qd3 26. Qe5+ Qd6
27. Qe2 1/2-1/2

[Event "4NCL/Div1/SWD1 vs. BAR1"]
[Site "Telford ENG"]
[Date "2003.04.13"]
[Round "8.7"]
[White "Jones, Richard S"]
[Black "Cox, John J"]
[Result "1/2-1/2"]
[WhiteElo "2246"]
[BlackElo "2316"]
[PlyCount "87"]
[EventDate "2003.04.13"]

1. e4 e5 2. f4 exf4 3. Nf3 h6 4. b3 Nf6 5. e5 Ne4 6. Qe2 Ng5 7. d4 Nxf3+ 8.
Qxf3 Qh4+ 9. Kd1 Nc6 10. Qe4 Be7 11. d5 Qh5+ 12. Be2 Qxe5 13. Qxe5 Nxe5 14.
Bxf4 Bf6 15. c3 d6 16. Na3 a6 17. Rf1 O-O 18. h3 g5 19. Bd2 Bg7 20. Nc2 f5 21.
g3 Bd7 22. Nd4 c5 23. dxc6 bxc6 24. b4 c5 25. bxc5 dxc5 26. Nf3 Bc6 27. h4 Rad8
28. Nxe5 Bxe5 29. Kc1 a5 30. hxg5 hxg5 31. Bxg5 Bxc3 32. Bxd8 Bxa1 33. Bxa5 Be4
34. Kd2 Be5 35. Ke3 Ra8 36. Bc4+ Kh7 37. Bb6 Rb8 38. Bxc5 Rc8 39. Bd4 Bxg3 40.
Bb5 Bd5 41. Rxf5 Bxa2 42. Bd3 Kh6 43. Rf6+ Kh5 44. Kf3 1/2-1/2

[Event "4NCL/Div1/SWD1 vs. BAR1"]
[Site "Telford ENG"]
[Date "2003.04.13"]
[Round "8.8"]
[White "Bhatia, Kanwal K"]
[Black "Cast, Abigail"]
[Result "1-0"]
[WhiteElo "2047"]
[BlackElo "2114"]
[PlyCount "53"]
[EventDate "2003.04.13"]

1. e4 e6 2. d4 d5 3. Nd2 Nf6 4. e5 Nfd7 5. f4 c5 6. c3 Nc6 7. Ndf3 Qb6 8. a3
Be7 9. b4 cxd4 10. cxd4 f6 11. Bd3 Nf8 12. Ne2 Bd7 13. Be3 Rc8 14. Kf2 a6 15.
Rc1 Kf7 16. g4 Na7 17. Rxc8 Nxc8 18. Qb3 h5 19. Rg1 hxg4 20. Rxg4 Bb5 21. f5
Bxd3 22. Qxd3 Qc6 23. Nf4 Rg8 24. fxe6+ Nxe6 25. Qg6+ Kf8 26. Nxe6+ Qxe6 27.
Ng5 1-0

[Event "4NCL/Div1/GUI1 vs. BRI1"]
[Site "Telford ENG"]
[Date "2003.04.13"]
[Round "8.1"]
[White "Flear, Glenn C"]
[Black "Ansell, Simon"]
[Result "1-0"]
[WhiteElo "2509"]
[BlackElo "2394"]
[PlyCount "59"]
[EventDate "2003.04.13"]

1. d4 d5 2. c4 c6 3. Nc3 Nf6 4. e3 a6 5. Nf3 Bf5 6. Ne5 Nbd7 7. Qb3 Rb8 8. f3
e6 9. g4 Nxe5 10. dxe5 Bxg4 11. Be2 Bxf3 12. Bxf3 Nd7 13. O-O Qg5+ 14. Kh1 Qxe5
15. cxd5 Bd6 16. Qc2 cxd5 17. Qg2 f5 18. Bd2 O-O 19. Ne2 Qf6 20. Nd4 Kh8 21.
Rg1 Be5 22. Bc3 Rfe8 23. Raf1 Nc5 24. Bxd5 exd5 25. Rxf5 Qh6 26. Rxe5 Rxe5 27.
Nf5 Qf6 28. Qxg7+ Qxg7 29. Rxg7 Rbe8 30. Rc7 1-0